Générique Le Bus Magique - Paroles - Statistiques

Statistiques générales
  • Ce quiz a été pris 45 fois
  • Le résultat moyen est 15 sur 26
Statistiques - réponses
Paroles % Correct
En voiture tout le {monde} !
100%
Dans notre {Bus} Magique !
90%
Viens dans notre {Bus} Magique
90%
Dans notre {Bus} Magique !
83%
Viens dans notre {Bus} Magique
83%
Allez ! Venez dans le {Bus} Magique !
81%
Dans notre {Bus} Magique
79%
Avec Bille en tête, sûrement {pas} !
71%
Tu roules dans la {ville}
64%
Tu te sens au {paradis} !
62%
Assieds-toi bien sur la {banquette}
60%
Swingue dans les {étoiles}
60%
Tu n'es même pas {étonné}
55%
Fais du surf en {musique}
52%
J'espère qu'on fera un voyage {tranquille}...
52%
De voir un {poulpe} nager
50%
Et pour que tout soit {parfait}
50%
Et tourne à droite juste après {Mars}
48%
Tu pourrais {cuire} à l'étouffée !
48%
Installe-toi sans {hésiter}
38%
Sur le fleuve de l'{amour}
38%
Tout un jour dans le {nez}
36%
Allez monte ca va être {super} !
31%
Quelles {sensations} !
24%
Tourne à gauche dans les {intestins}
19%
Paf dans le {plancton}
17%
Aucun quiz correspondant
Distribution des résultats
% des personnes avec chaque résultat
Percentile par nombre de réponses
Votre historique - résultats
Vous n’avez pas pris ce quiz